Hybrid Breeds of animals (read description) - Statistics

General Stats
  • This quiz has been taken 29 times
  • The average score is 9 of 14
Answer Stats
Hint Answer % Correct
Liger Lion and Tiger
100%
Wholphin Whale and Dolphin
96%
Coywolf Coyote and Wolf
79%
Mule Horse and Donkey
79%
Zeedonk Zebra and Donkey
79%
Zorse Zebra and Horse
79%
Jaglion Jaguar and Lion
71%
Geep Goat and Sheep
58%
Leopon Leopard and Lion
58%
Pizzly Polar bear and Grizzly bear
50%
Cama Llama and Camel
38%
Beefalo Buffalo and Cow
33%
Dzo Yak and Cow
21%
Yakalo Yak and Bison
17%
No matching quizzes found
Score Distribution
Percent of People with Each Score
Percentile by Number Answered
Your Score History
You have not taken this quiz